<?xml version="1.0" encoding="UTF-8"?>
<collection xmlns="http://www.loc.gov/MARC21/slim">
 <record>
  <leader>03767nam a2200673 a 4500</leader>
  <controlfield tag="001">1/54823</controlfield>
  <controlfield tag="008">220104s19##    gr a          000 | gre d</controlfield>
  <datafield tag="040" ind1=" " ind2=" ">
   <subfield code="a">GR-PeUP</subfield>
  </datafield>
  <datafield tag="082" ind1="0" ind2="0">
   <subfield code="a">909 ΙΣΤ</subfield>
  </datafield>
  <datafield tag="245" ind1="0" ind2="0">
   <subfield code="a">Ιστορία της ανθρωπότητος.</subfield>
  </datafield>
  <datafield tag="260" ind1=" " ind2=" ">
   <subfield code="a">Αθήνα :</subfield>
   <subfield code="b">Ελευθεροτυπία,</subfield>
   <subfield code="c">[19--]</subfield>
  </datafield>
  <datafield tag="300" ind1=" " ind2=" ">
   <subfield code="a">τ. 1-8, 11-24 (1-354 · 357-727 · 731-1101 · 1105-1471 · 1478-1846 · 1849-2215 · 2221-2589 · 2593-2961 · 3709-4077 · 4081-4449 · 4453-4821 · 4826-5193 · 5198-5562 · 5569-5932 · 5942-6313 · 6315-6682 · 6690-7057 · 7061-7431 · 7436-7803 · 7807-8178 · 8179-8421 · 8425-8560 σ.) :</subfield>
   <subfield code="b">εικ. ;</subfield>
   <subfield code="c">25 εκ.</subfield>
  </datafield>
  <datafield tag="650" ind1=" " ind2="4">
   <subfield code="a">Ανθρωπότητα</subfield>
   <subfield code="x">Ιστορία.</subfield>
  </datafield>
  <datafield tag="650" ind1=" " ind2="0">
   <subfield code="a">Human beings</subfield>
   <subfield code="x">History.</subfield>
  </datafield>
  <datafield tag="852" ind1=" " ind2=" ">
   <subfield code="a">INST</subfield>
   <subfield code="b">UNIPILB</subfield>
   <subfield code="c">MAIN</subfield>
   <subfield code="e">20220104</subfield>
   <subfield code="h">909 ΙΣΤ</subfield>
   <subfield code="p">00186864</subfield>
   <subfield code="q">00186864</subfield>
   <subfield code="t">LOAN</subfield>
   <subfield code="v">τομ.1:</subfield>
   <subfield code="y">0</subfield>
   <subfield code="4">1</subfield>
  </datafield>
  <datafield tag="852" ind1=" " ind2=" ">
   <subfield code="a">INST</subfield>
   <subfield code="b">UNIPILB</subfield>
   <subfield code="c">MAIN</subfield>
   <subfield code="e">20220104</subfield>
   <subfield code="h">909 ΙΣΤ</subfield>
   <subfield code="p">00186865</subfield>
   <subfield code="q">00186865</subfield>
   <subfield code="t">LOAN</subfield>
   <subfield code="v">τομ.2:</subfield>
   <subfield code="y">0</subfield>
   <subfield code="4">1</subfield>
  </datafield>
  <datafield tag="852" ind1=" " ind2=" ">
   <subfield code="a">INST</subfield>
   <subfield code="b">UNIPILB</subfield>
   <subfield code="c">MAIN</subfield>
   <subfield code="e">20220104</subfield>
   <subfield code="h">909 ΙΣΤ</subfield>
   <subfield code="p">00186866</subfield>
   <subfield code="q">00186866</subfield>
   <subfield code="t">LOAN</subfield>
   <subfield code="v">τομ.3:</subfield>
   <subfield code="y">0</subfield>
   <subfield code="4">1</subfield>
  </datafield>
  <datafield tag="852" ind1=" " ind2=" ">
   <subfield code="a">INST</subfield>
   <subfield code="b">UNIPILB</subfield>
   <subfield code="c">MAIN</subfield>
   <subfield code="e">20220104</subfield>
   <subfield code="h">909 ΙΣΤ</subfield>
   <subfield code="p">00186867</subfield>
   <subfield code="q">00186867</subfield>
   <subfield code="t">LOAN</subfield>
   <subfield code="v">τομ.4:</subfield>
   <subfield code="y">0</subfield>
   <subfield code="4">1</subfield>
  </datafield>
  <datafield tag="852" ind1=" " ind2=" ">
   <subfield code="a">INST</subfield>
   <subfield code="b">UNIPILB</subfield>
   <subfield code="c">MAIN</subfield>
   <subfield code="e">20220104</subfield>
   <subfield code="h">909 ΙΣΤ</subfield>
   <subfield code="p">00186868</subfield>
   <subfield code="q">00186868</subfield>
   <subfield code="t">LOAN</subfield>
   <subfield code="v">τομ.5:</subfield>
   <subfield code="y">0</subfield>
   <subfield code="4">1</subfield>
  </datafield>
  <datafield tag="852" ind1=" " ind2=" ">
   <subfield code="a">INST</subfield>
   <subfield code="b">UNIPILB</subfield>
   <subfield code="c">MAIN</subfield>
   <subfield code="e">20220104</subfield>
   <subfield code="h">909 ΙΣΤ</subfield>
   <subfield code="p">00186869</subfield>
   <subfield code="q">00186869</subfield>
   <subfield code="t">LOAN</subfield>
   <subfield code="v">τομ.6:</subfield>
   <subfield code="y">0</subfield>
   <subfield code="4">1</subfield>
  </datafield>
  <datafield tag="852" ind1=" " ind2=" ">
   <subfield code="a">INST</subfield>
   <subfield code="b">UNIPILB</subfield>
   <subfield code="c">MAIN</subfield>
   <subfield code="e">20220104</subfield>
   <subfield code="h">909 ΙΣΤ</subfield>
   <subfield code="p">00186870</subfield>
   <subfield code="q">00186870</subfield>
   <subfield code="t">LOAN</subfield>
   <subfield code="v">τομ.7:</subfield>
   <subfield code="y">0</subfield>
   <subfield code="4">1</subfield>
  </datafield>
  <datafield tag="852" ind1=" " ind2=" ">
   <subfield code="a">INST</subfield>
   <subfield code="b">UNIPILB</subfield>
   <subfield code="c">MAIN</subfield>
   <subfield code="e">20220104</subfield>
   <subfield code="h">909 ΙΣΤ</subfield>
   <subfield code="p">00186871</subfield>
   <subfield code="q">00186871</subfield>
   <subfield code="t">LOAN</subfield>
   <subfield code="v">τομ.8:</subfield>
   <subfield code="y">0</subfield>
   <subfield code="4">1</subfield>
  </datafield>
  <datafield tag="852" ind1=" " ind2=" ">
   <subfield code="a">INST</subfield>
   <subfield code="b">UNIPILB</subfield>
   <subfield code="c">MAIN</subfield>
   <subfield code="e">20220104</subfield>
   <subfield code="h">909 ΙΣΤ</subfield>
   <subfield code="p">00186872</subfield>
   <subfield code="q">00186872</subfield>
   <subfield code="t">LOAN</subfield>
   <subfield code="v">τομ.11:</subfield>
   <subfield code="y">0</subfield>
   <subfield code="4">1</subfield>
  </datafield>
  <datafield tag="852" ind1=" " ind2=" ">
   <subfield code="a">INST</subfield>
   <subfield code="b">UNIPILB</subfield>
   <subfield code="c">MAIN</subfield>
   <subfield code="e">20220104</subfield>
   <subfield code="h">909 ΙΣΤ</subfield>
   <subfield code="p">00186873</subfield>
   <subfield code="q">00186873</subfield>
   <subfield code="t">LOAN</subfield>
   <subfield code="v">τομ.12:</subfield>
   <subfield code="y">0</subfield>
   <subfield code="4">1</subfield>
  </datafield>
  <datafield tag="852" ind1=" " ind2=" ">
   <subfield code="a">INST</subfield>
   <subfield code="b">UNIPILB</subfield>
   <subfield code="c">MAIN</subfield>
   <subfield code="e">20220104</subfield>
   <subfield code="h">909 ΙΣΤ</subfield>
   <subfield code="p">00186874</subfield>
   <subfield code="q">00186874</subfield>
   <subfield code="t">LOAN</subfield>
   <subfield code="v">τομ.13:</subfield>
   <subfield code="y">0</subfield>
   <subfield code="4">1</subfield>
  </datafield>
  <datafield tag="852" ind1=" " ind2=" ">
   <subfield code="a">INST</subfield>
   <subfield code="b">UNIPILB</subfield>
   <subfield code="c">MAIN</subfield>
   <subfield code="e">20220104</subfield>
   <subfield code="h">909 ΙΣΤ</subfield>
   <subfield code="p">00186875</subfield>
   <subfield code="q">00186875</subfield>
   <subfield code="t">LOAN</subfield>
   <subfield code="v">τομ.14:</subfield>
   <subfield code="y">0</subfield>
   <subfield code="4">1</subfield>
  </datafield>
  <datafield tag="852" ind1=" " ind2=" ">
   <subfield code="a">INST</subfield>
   <subfield code="b">UNIPILB</subfield>
   <subfield code="c">MAIN</subfield>
   <subfield code="e">20220104</subfield>
   <subfield code="h">909 ΙΣΤ</subfield>
   <subfield code="p">00186876</subfield>
   <subfield code="q">00186876</subfield>
   <subfield code="t">LOAN</subfield>
   <subfield code="v">τομ.15:</subfield>
   <subfield code="y">0</subfield>
   <subfield code="4">1</subfield>
  </datafield>
  <datafield tag="852" ind1=" " ind2=" ">
   <subfield code="a">INST</subfield>
   <subfield code="b">UNIPILB</subfield>
   <subfield code="c">MAIN</subfield>
   <subfield code="e">20220104</subfield>
   <subfield code="h">909 ΙΣΤ</subfield>
   <subfield code="p">00186877</subfield>
   <subfield code="q">00186877</subfield>
   <subfield code="t">LOAN</subfield>
   <subfield code="v">τομ.16:</subfield>
   <subfield code="y">0</subfield>
   <subfield code="4">1</subfield>
  </datafield>
  <datafield tag="852" ind1=" " ind2=" ">
   <subfield code="a">INST</subfield>
   <subfield code="b">UNIPILB</subfield>
   <subfield code="c">MAIN</subfield>
   <subfield code="e">20220104</subfield>
   <subfield code="h">909 ΙΣΤ</subfield>
   <subfield code="p">00186878</subfield>
   <subfield code="q">00186878</subfield>
   <subfield code="t">LOAN</subfield>
   <subfield code="v">τομ.17:</subfield>
   <subfield code="y">0</subfield>
   <subfield code="4">1</subfield>
  </datafield>
  <datafield tag="852" ind1=" " ind2=" ">
   <subfield code="a">INST</subfield>
   <subfield code="b">UNIPILB</subfield>
   <subfield code="c">MAIN</subfield>
   <subfield code="e">20220104</subfield>
   <subfield code="h">909 ΙΣΤ</subfield>
   <subfield code="p">00186879</subfield>
   <subfield code="q">00186879</subfield>
   <subfield code="t">LOAN</subfield>
   <subfield code="v">τομ.18:</subfield>
   <subfield code="y">0</subfield>
   <subfield code="4">1</subfield>
  </datafield>
  <datafield tag="852" ind1=" " ind2=" ">
   <subfield code="a">INST</subfield>
   <subfield code="b">UNIPILB</subfield>
   <subfield code="c">MAIN</subfield>
   <subfield code="e">20220104</subfield>
   <subfield code="h">909 ΙΣΤ</subfield>
   <subfield code="p">00186880</subfield>
   <subfield code="q">00186880</subfield>
   <subfield code="t">LOAN</subfield>
   <subfield code="v">τομ.19:</subfield>
   <subfield code="y">0</subfield>
   <subfield code="4">1</subfield>
  </datafield>
  <datafield tag="852" ind1=" " ind2=" ">
   <subfield code="a">INST</subfield>
   <subfield code="b">UNIPILB</subfield>
   <subfield code="c">MAIN</subfield>
   <subfield code="e">20220104</subfield>
   <subfield code="h">909 ΙΣΤ</subfield>
   <subfield code="p">00186881</subfield>
   <subfield code="q">00186881</subfield>
   <subfield code="t">LOAN</subfield>
   <subfield code="v">τομ.20:</subfield>
   <subfield code="y">0</subfield>
   <subfield code="4">1</subfield>
  </datafield>
  <datafield tag="852" ind1=" " ind2=" ">
   <subfield code="a">INST</subfield>
   <subfield code="b">UNIPILB</subfield>
   <subfield code="c">MAIN</subfield>
   <subfield code="e">20220104</subfield>
   <subfield code="h">909 ΙΣΤ</subfield>
   <subfield code="p">00186882</subfield>
   <subfield code="q">00186882</subfield>
   <subfield code="t">LOAN</subfield>
   <subfield code="v">τομ.21:</subfield>
   <subfield code="y">0</subfield>
   <subfield code="4">1</subfield>
  </datafield>
  <datafield tag="852" ind1=" " ind2=" ">
   <subfield code="a">INST</subfield>
   <subfield code="b">UNIPILB</subfield>
   <subfield code="c">MAIN</subfield>
   <subfield code="e">20220104</subfield>
   <subfield code="h">909 ΙΣΤ</subfield>
   <subfield code="p">00186883</subfield>
   <subfield code="q">00186883</subfield>
   <subfield code="t">LOAN</subfield>
   <subfield code="v">τομ.22:</subfield>
   <subfield code="y">0</subfield>
   <subfield code="4">1</subfield>
  </datafield>
  <datafield tag="852" ind1=" " ind2=" ">
   <subfield code="a">INST</subfield>
   <subfield code="b">UNIPILB</subfield>
   <subfield code="c">MAIN</subfield>
   <subfield code="e">20220104</subfield>
   <subfield code="h">909 ΙΣΤ</subfield>
   <subfield code="p">00186889</subfield>
   <subfield code="q">00186889</subfield>
   <subfield code="t">LOAN</subfield>
   <subfield code="v">τομ.23:</subfield>
   <subfield code="y">0</subfield>
   <subfield code="4">1</subfield>
  </datafield>
  <datafield tag="852" ind1=" " ind2=" ">
   <subfield code="a">INST</subfield>
   <subfield code="b">UNIPILB</subfield>
   <subfield code="c">MAIN</subfield>
   <subfield code="e">20220104</subfield>
   <subfield code="h">909 ΙΣΤ</subfield>
   <subfield code="p">00186890</subfield>
   <subfield code="q">00186890</subfield>
   <subfield code="t">LOAN</subfield>
   <subfield code="v">τομ.24:</subfield>
   <subfield code="y">0</subfield>
   <subfield code="4">1</subfield>
  </datafield>
  <datafield tag="853" ind1=" " ind2=" ">
   <subfield code="a">INST</subfield>
   <subfield code="b">UNIPILB</subfield>
   <subfield code="c">MAIN</subfield>
   <subfield code="h">909 ΙΣΤ</subfield>
   <subfield code="l">τομ.24-τομ.1</subfield>
  </datafield>
  <datafield tag="960" ind1=" " ind2=" ">
   <subfield code="a">ΜΑΡΙΑ ΒΕΛ</subfield>
  </datafield>
  <datafield tag="960" ind1=" " ind2=" ">
   <subfield code="a">ΜΑΡΙΑ ΒΕΛ</subfield>
  </datafield>
  <datafield tag="960" ind1=" " ind2=" ">
   <subfield code="a">ΜΑΡΙΑ ΒΕΛ</subfield>
  </datafield>
  <datafield tag="960" ind1=" " ind2=" ">
   <subfield code="a">ΜΑΡΙΑ ΒΕΛ</subfield>
  </datafield>
  <datafield tag="960" ind1=" " ind2=" ">
   <subfield code="a">ΜΑΡΙΑ ΒΕΛ</subfield>
  </datafield>
  <datafield tag="960" ind1=" " ind2=" ">
   <subfield code="a">ΜΑΡΙΑ ΒΕΛ</subfield>
  </datafield>
  <datafield tag="960" ind1=" " ind2=" ">
   <subfield code="a">ΜΑΡΙΑ ΒΕΛ</subfield>
  </datafield>
  <datafield tag="960" ind1=" " ind2=" ">
   <subfield code="a">ΜΑΡΙΑ ΒΕΛ</subfield>
  </datafield>
  <datafield tag="960" ind1=" " ind2=" ">
   <subfield code="a">ΜΑΡΙΑ ΒΕΛ</subfield>
  </datafield>
  <datafield tag="960" ind1=" " ind2=" ">
   <subfield code="a">ΜΑΡΙΑ ΒΕΛ</subfield>
  </datafield>
  <datafield tag="960" ind1=" " ind2=" ">
   <subfield code="a">ΜΑΡΙΑ ΒΕΛ</subfield>
  </datafield>
  <datafield tag="960" ind1=" " ind2=" ">
   <subfield code="a">ΜΑΡΙΑ ΒΕΛ</subfield>
  </datafield>
  <datafield tag="960" ind1=" " ind2=" ">
   <subfield code="a">ΜΑΡΙΑ ΒΕΛ</subfield>
  </datafield>
  <datafield tag="960" ind1=" " ind2=" ">
   <subfield code="a">ΜΑΡΙΑ ΒΕΛ</subfield>
  </datafield>
  <datafield tag="960" ind1=" " ind2=" ">
   <subfield code="a">ΜΑΡΙΑ ΒΕΛ</subfield>
  </datafield>
  <datafield tag="960" ind1=" " ind2=" ">
   <subfield code="a">ΜΑΡΙΑ ΒΕΛ</subfield>
  </datafield>
  <datafield tag="960" ind1=" " ind2=" ">
   <subfield code="a">ΜΑΡΙΑ ΒΕΛ</subfield>
  </datafield>
  <datafield tag="960" ind1=" " ind2=" ">
   <subfield code="a">ΜΑΡΙΑ ΒΕΛ</subfield>
  </datafield>
  <datafield tag="960" ind1=" " ind2=" ">
   <subfield code="a">ΜΑΡΙΑ ΒΕΛ</subfield>
  </datafield>
  <datafield tag="960" ind1=" " ind2=" ">
   <subfield code="a">ΜΑΡΙΑ ΒΕΛ</subfield>
  </datafield>
  <datafield tag="960" ind1=" " ind2=" ">
   <subfield code="a">ΜΑΡΙΑ ΒΕΛ</subfield>
  </datafield>
  <datafield tag="960" ind1=" " ind2=" ">
   <subfield code="a">ΜΑΡΙΑ ΒΕΛ</subfield>
  </datafield>
 </record>
</collection>
